Introducción a la percepción remota

Enregistré dans:
Détails bibliographiques
Auteur principal: Diez Pérez, José Armando (Auteur)
Format: Livre
Langue:espagnol
Publié: Ciudad de México Universidad Autónoma de México 1993
Collection:Colección Textos y Apuntes, 47
Sujets:
Tags: Ajouter un tag
Pas de tags, Soyez le premier à ajouter un tag!

MARC

LEADER 00000nam a2200000 a 4500
001 UCO4449
003 CL-VaPUC
008 000804e19930000MX |||||||||||||||||spa|d
082 0 4 |a 621.367  |b DIE  |2 21 
100 0 |a Diez Pérez, José Armando  |e author  |9 448965 
245 1 0 |a Introducción a la percepción remota 
300 |a 144 p 
942 |c BK 
945 |d 20000804 00:00:00  |a vberengu 
260 |a Ciudad de México  |b Universidad Autónoma de México  |c 1993 
500 |a ALGUNOS EJEMPLARES EN INST.DE GEOGRAFIA POR PROY.MINEDUC 
650 7 |a INTERPRETACION DE FOTOGRAFIAS  |2 CL-VaPUC  |9 321769 
650 7 |a PERCEPCION REMOTA  |2 CL-VaPUC  |9 448966 
650 7 |a SATELITES  |2 CL-VaPUC  |9 352279 
583 |a last modification  |c 20000804 00:00:00  |k Rodrigo Vera 
490 0 |a Colección Textos y Apuntes, 47 
999 |c 290490  |d 290488 
952 |0 0  |1 0  |4 0  |6 621_367000000000000_DIE_1993  |7 0  |8 A  |9 339950  |a BIBING  |b BIBING  |d 2019-11-20  |i 3638219  |l 1  |o 621.367 DIE 1993  |p 3638219  |r 2025-01-20  |s 2020-03-03  |w 2019-11-20  |y BK  |k GEO 
952 |0 0  |1 0  |4 0  |6 621_367000000000000_DIE_1993  |7 0  |8 A  |9 339951  |a BIBING  |b BIBING  |d 2019-11-20  |i 3786366  |o 621.367 DIE 1993  |p 3786366  |r 2025-01-20  |w 2019-11-20  |y BK  |k GEO